[Event "Helmut-Kohls-Turnier 2016"]
[Site "Dortmund GER"]
[Date "2016.07.09"]
[Round "1.1"]
[White "Baltic, Fatih"]
[Black "Baerwolf, Steven"]
[Result "1-0"]
[WhiteElo "2103"]
[BlackElo "2134"]
[WhiteFideId "12979090"]
[BlackFideId "24658634"]
[EventDate "2016.07.09"]

1. e4 e5 2. Nf3 Nc6 3. Bb5 a6 4. Ba4 Nf6 5. O-O b5 6. Bb3 Be7 7. Re1 O-O 8. h3
d6 9. c3 Na5 10. Bc2 c5 11. d4 Qc7 12. Nbd2 cxd4 13. cxd4 Nc6 14. d5 Nb4 15. Bb1
a5 16. Nf1 Bd7 17. a3 Na6 18. Bd2 b4 19. axb4 axb4 20. Bd3 Nc5 21. Rxa8 Rxa8 22.
Bxb4 Ncxe4 23. Bxe4 Ra4 24. Bxh7+ Kxh7 25. Bc3 Ra8 26. Ne3 Kg8 27. Nd2 Bb5 28.
Qf3 Bd3 29. Ng4 Bg6 30. Nxe5 dxe5 31. d6 Qa7 32. dxe7 e4 33. Nxe4 Nxe4 34. Rxe4
Bxe4 35. Qxe4 Rc8 36. Qe5 f6 37. Qe6+ 1-0

[Event "Helmut-Kohls-Turnier 2016"]
[Site "Dortmund GER"]
[Date "2016.07.09"]
[Round "1.2"]
[White "Koellner, Ruben Gideon"]
[Black "Fluechter, Gregor"]
[Result "1/2-1/2"]
[WhiteElo "2103"]
[BlackElo "2182"]
[WhiteFideId "12993093"]
[BlackFideId "12903396"]
[EventDate "2016.07.09"]

1. d4 d5 2. Nc3 Nf6 3. Bf4 e6 4. Nb5 Na6 5. e3 c6 6. Nc3 Qb6 7. a3 c5 8. dxc5
Nxc5 9. Qd4 Bd7 10. b4 Nce4 11. Qxb6 axb6 12. Nxe4 Nxe4 13. Be5 Rxa3 14. Rxa3
Bxb4+ 15. c3 Bxa3 16. Bxg7 Rg8 17. Bd4 Bd6 18. f3 Nc5 19. f4 Ke7 20. Bxc5 bxc5
21. Kf2 c4 22. Nf3 b5 23. Be2 Ra8 24. Rb1 Rb8 25. Ra1 b4 26. cxb4 Rxb4 27. Ra7
Bc5 28. Ra5 Bb6 29. Ra3 Ra4 30. Rxa4 Bxa4 31. Ne1 Bb3 32. g4 Kd6 33. g5 Ba2 34.
Bd1 Bb1 35. Bc2 Bxc2 36. Nxc2 e5 37. Kf3 Ke6 38. h4 d4 39. Na3 c3 40. exd4 Bxd4
41. Ke4 f5+ 42. gxf6 Kxf6 43. fxe5+ Bxe5 44. Kd3 Kf5 45. Nc4 Bh8 46. Ne3+ Kf4
47. Nd5+ Kg4 48. h5 Kxh5 49. Nxc3 Kg4 50. Ke3 Bxc3 51. Kf2 Kh3 52. Kg1 Bd4+ 53.
Kh1 Be5 1/2-1/2

[Event "Helmut-Kohls-Turnier 2016"]
[Site "Dortmund GER"]
[Date "2016.07.09"]
[Round "1.3"]
[White "Thogersen, Rasmus"]
[Black "Borchert, Rene"]
[Result "1-0"]
[WhiteElo "2205"]
[BlackElo "2181"]
[WhiteFideId "1431412"]
[BlackFideId "12990671"]
[EventDate "2016.07.09"]

1. d4 d5 2. c4 e6 3. Nc3 Nf6 4. cxd5 exd5 5. Bg5 Be7 6. Qc2 O-O 7. e3 Nbd7 8.
Bd3 b6 9. Nf3 Bb7 10. O-O c5 11. Rfd1 a6 12. Ne5 h6 13. Nxd7 Nxd7 14. Bxe7 Qxe7
15. Bf5 cxd4 16. Rxd4 Nf6 17. Qb3 Qe5 18. Bh3 Rab8 19. g3 Rfd8 20. Rad1 Rd6 21.
e4 Rbd8 22. f4 Qh5 23. e5 Qxh3 24. exd6 Rxd6 25. Re1 Qc8 26. Qd1 b5 27. Ne4 Nxe4
28. Rexe4 Rc6 29. Re1 Rc4 30. b3 Rc3 31. Qd2 Rc7 32. Qe3 Qg4 33. Rc1 Rxc1+ 34.
Qxc1 Qf3 35. Qe1 Kh7 36. Qf2 Qc3 37. Qd2 Qa1+ 38. Kg2 Kg8 39. Qf2 a5 40. Qd2 b4
41. f5 f6 42. Qf4 Kh7 43. Qg4 Qxa2+ 44. Kh3 Qf2 45. Qg6+ Kh8 46. Rg4 1-0

[Event "Helmut-Kohls-Turnier 2016"]
[Site "Dortmund GER"]
[Date "2016.07.09"]
[Round "1.4"]
[White "Ramsdal, Jens Albert"]
[Black "Gerlagh, Joris"]
[Result "0-1"]
[WhiteElo "2204"]
[BlackElo "2172"]
[WhiteFideId "1429221"]
[BlackFideId "1038834"]
[EventDate "2016.07.09"]

1. e4 c5 2. Nf3 e6 3. d4 cxd4 4. Nxd4 Nc6 5. Nc3 Qc7 6. Be3 a6 7. Be2 Nf6 8. O-O
Be7 9. f4 d6 10. a4 O-O 11. Bf3 Bd7 12. Kh1 Rfe8 13. g4 Nxd4 14. Bxd4 e5 15. Be3
exf4 16. Bxf4 Bc6 17. Nd5 Bxd5 18. exd5 Nd7 19. Ra3 Bf6 20. b4 Be5 21. Bg2 Qc4
22. Bd2 Rac8 23. Qf3 Re7 24. Re3 Rce8 25. c3 Nf6 26. g5 Ng4 27. Re4 Qxd5 28. Qd1
Nxh2 29. Rh4 Qd3 30. Rh3 Bg3 31. Rxh2 Bxh2 32. Kxh2 Re2 33. Bf4 Rxg2+ 34. Kxg2
Re2+ 35. Kg1 Qe4 0-1

[Event "Helmut-Kohls-Turnier 2016"]
[Site "Dortmund GER"]
[Date "2016.07.09"]
[Round "1.5"]
[White "Van Meegen, Ruud"]
[Black "Pajeken, Jakob Leon"]
[Result "0-1"]
[WhiteElo "2201"]
[BlackElo "2051"]
[WhiteFideId "1034995"]
[BlackFideId "12942839"]
[EventDate "2016.07.09"]

1. e4 e5 2. Nf3 Nc6 3. Bc4 Bc5 4. c3 Nf6 5. d3 a6 6. O-O d6 7. Nbd2 Ba7 8. Bb3
O-O 9. Re1 Ng4 10. Re2 Kh8 11. h3 f5 12. exf5 Nh6 13. g4 Nxf5 14. gxf5 Bxf5 15.
Ne4 d5 16. Ng3 Bxh3 17. Bg5 Qd6 18. Nh2 e4 19. d4 Rxf2 20. Bh4 Rf4 21. Bg5 Rg4
22. Nxg4 Qxg3+ 23. Kh1 Bxg4 0-1

[Event "Helmut-Kohls-Turnier 2016"]
[Site "Dortmund GER"]
[Date "2016.07.10"]
[Round "2.1"]
[White "Baerwolf, Steven"]
[Black "Pajeken, Jakob Leon"]
[Result "1-0"]
[WhiteElo "2134"]
[BlackElo "2051"]
[WhiteFideId "24658634"]
[BlackFideId "12942839"]
[EventDate "2016.07.09"]

1. d4 d5 2. c4 dxc4 3. Nf3 Nf6 4. e3 e6 5. Bxc4 c5 6. O-O a6 7. Bb3 Nc6 8. Nc3
cxd4 9. exd4 Be7 10. Re1 O-O 11. Bg5 b5 12. d5 Nxd5 13. Bxd5 exd5 14. Qxd5 Bxg5
15. Nxg5 Bb7 16. Qf5 g6 17. Qf4 h6 18. Nge4 g5 19. Qd6 Qxd6 20. Nxd6 Bc8 21. Nd5
Ra7 22. Rac1 Be6 23. Nf6+ Kg7 24. Nfe8+ Rxe8 25. Nxe8+ Kf8 26. Rxc6 Kxe8 27. a3
Kd7 28. Rec1 g4 29. Rb6 h5 30. Rcc6 a5 31. Rc5 b4 32. Rbb5 bxa3 33. bxa3 a4 34.
Rxh5 Kd6 35. h4 Rc7 36. Rb6+ Ke7 37. Rb4 Bd7 38. Re5+ Kf6 39. Re3 Kg6 40. Kh2
Rc1 41. Rd3 Rc7 42. Rxd7 Rxd7 43. Rxg4+ Kh5 44. Rxa4 f5 45. Kg3 Rd2 46. Ra8 Rd4
47. f3 f4+ 48. Kh3 Rd3 49. Ra5+ Kg6 50. Kg4 Rd4 51. Rf5 Rd2 52. Rg5+ Kh6 53.
Kxf4 Ra2 54. g4 Rxa3 55. Re5 Ra8 56. Re6+ Kg7 57. g5 1-0

[Event "Helmut-Kohls-Turnier 2016"]
[Site "Dortmund GER"]
[Date "2016.07.10"]
[Round "2.2"]
[White "Gerlagh, Joris"]
[Black "Van Meegen, Ruud"]
[Result "1-0"]
[WhiteElo "2172"]
[BlackElo "2201"]
[WhiteFideId "1038834"]
[BlackFideId "1034995"]
[EventDate "2016.07.09"]

1. e4 c5 2. Nf3 Nc6 3. d4 cxd4 4. Nxd4 g6 5. c4 Bg7 6. Be3 Nf6 7. Nc3 d6 8. Be2
O-O 9. O-O Bd7 10. Re1 a6 11. Qd2 Qa5 12. Nb3 Qd8 13. Rad1 Be6 14. Nd4 Nxd4 15.
Bxd4 Nd7 16. Bxg7 Kxg7 17. f4 Qb6+ 18. Kh1 Nf6 19. b3 Rac8 20. Bf3 Qb4 21. f5
Bd7 22. Qb2 Bc6 23. g4 Kg8 24. a3 Qc5 25. g5 Nd7 26. Nd5 Bxd5 27. Rxd5 Qb6 28.
Bg4 Ne5 29. Rxe5 dxe5 30. fxg6 hxg6 31. Bxc8 Rxc8 32. Qc3 Rd8 33. Qf3 Kg7 34.
Rf1 Qe6 35. Rf2 Rh8 36. Kg2 Rh5 37. Qg3 f6 38. gxf6+ exf6 39. Qd3 Qg4+ 40. Kf1
Qh3+ 41. Ke2 Qxd3+ 42. Kxd3 Rh3+ 43. Kc2 Re3 44. Rd2 Rxe4 45. Rd7+ Kh6 46. Rxb7
Re2+ 47. Kd3 Rxh2 48. c5 Rh1 49. Rb4 f5 50. c6 Rd1+ 51. Ke3 Rd8 52. Rc4 Kg7 53.
b4 Kf6 54. a4 Ke6 55. b5 Kd5 56. Rc1 Rc8 57. c7 1-0

[Event "Helmut-Kohls-Turnier 2016"]
[Site "Dortmund GER"]
[Date "2016.07.10"]
[Round "2.3"]
[White "Borchert, Rene"]
[Black "Ramsdal, Jens Albert"]
[Result "1/2-1/2"]
[WhiteElo "2181"]
[BlackElo "2204"]
[WhiteFideId "12990671"]
[BlackFideId "1429221"]
[EventDate "2016.07.09"]

1. e4 e5 2. Nf3 Nc6 3. Bc4 Nf6 4. d4 exd4 5. O-O Nxe4 6. Re1 d5 7. Bxd5 Qxd5 8.
Nc3 Qa5 9. Nxe4 Be6 10. Bg5 Bd6 11. Nxd6+ cxd6 12. Bf4 Qd5 13. c3 O-O 14. Nxd4
Nxd4 15. Qxd4 Qxd4 16. cxd4 d5 17. Rac1 Rac8 18. f3 Rc4 19. Rxc4 dxc4 20. Bd2
Rd8 21. Bc3 Rd5 22. Re5 Rxe5 23. dxe5 Kf8 24. Kf2 Ke7 25. Ke3 Kd7 26. Ke4 Kc6
27. g4 Bd5+ 28. Ke3 g6 29. f4 Be6 30. h3 Kd5 31. a3 a6 32. Ba5 h5 33. gxh5 gxh5
34. h4 Bg4 35. Bb6 Kc6 36. Bd8 Kd5 1/2-1/2

[Event "Helmut-Kohls-Turnier 2016"]
[Site "Dortmund GER"]
[Date "2016.07.10"]
[Round "2.4"]
[White "Fluechter, Gregor"]
[Black "Thogersen, Rasmus"]
[Result "0-1"]
[WhiteElo "2182"]
[BlackElo "2205"]
[WhiteFideId "12903396"]
[BlackFideId "1431412"]
[EventDate "2016.07.09"]

1. e4 e5 2. Nf3 Nc6 3. Bb5 a6 4. Ba4 Nf6 5. Bxc6 dxc6 6. d3 Bd6 7. O-O c5 8. a4
Bg4 9. Nbd2 Nd7 10. a5 Nf8 11. Nc4 Ne6 12. h3 h5 13. Ne3 Bxf3 14. Qxf3 Qd7 15.
Nc4 O-O-O 16. Be3 f6 17. Rfd1 Kb8 18. Qe2 g6 19. f3 g5 20. Kf2 Rdf8 21. Rh1 f5
22. c3 g4 23. exf5 gxf3 24. gxf3 Rxf5 25. Raf1 Be7 26. Ke1 Rd8 27. Kd2 Bg5 28.
Kc2 Bxe3 29. Qxe3 Nf4 30. Rd1 Rg5 31. Kb1 Rg2 32. Nxe5 Qa4 33. Rd2 Nd5 34. Qe1
Nxc3+ 35. bxc3 Qb3+ 36. Kc1 Qxc3+ 37. Kd1 Rxd2+ 38. Qxd2 Qa1+ 39. Qc1 Qxe5 40.
Kc2 Qe2+ 41. Qd2 Qxf3 42. Rd1 c4 43. Qg5 cxd3+ 44. Kb2 Qf2+ 45. Rd2 Qd4+ 0-1

[Event "Helmut-Kohls-Turnier 2016"]
[Site "Dortmund GER"]
[Date "2016.07.10"]
[Round "2.5"]
[White "Baltic, Fatih"]
[Black "Koellner, Ruben Gideon"]
[Result "1/2-1/2"]
[WhiteElo "2103"]
[BlackElo "2103"]
[WhiteFideId "12979090"]
[BlackFideId "12993093"]
[EventDate "2016.07.09"]

1. e4 d6 2. d4 Nf6 3. Nc3 e5 4. Nf3 Nbd7 5. Bc4 Be7 6. a4 a5 7. O-O O-O 8. Re1
c6 9. h3 exd4 10. Qxd4 d5 11. exd5 Bc5 12. Qd3 Nb6 13. Bb3 Nbxd5 14. Nxd5 Nxd5
15. Bxd5 Qxd5 16. Qxd5 cxd5 17. Be3 Bxe3 18. Rxe3 Bf5 19. Nd4 Bd7 20. Re7 Rfd8
21. Rae1 Re8 22. Kf1 Rad8 23. b3 Kf8 24. Rxe8+ Rxe8 25. Rxe8+ Kxe8 26. Ke2 Ke7
27. Kd3 Kd6 28. f4 h5 29. Kd2 Kc5 30. c3 1/2-1/2

[Event "Helmut-Kohls-Turnier 2016"]
[Site "Dortmund GER"]
[Date "2016.07.11"]
[Round "3.1"]
[White "Koellner, Ruben Gideon"]
[Black "Baerwolf, Steven"]
[Result "1/2-1/2"]
[WhiteElo "2103"]
[BlackElo "2134"]
[WhiteFideId "12993093"]
[BlackFideId "24658634"]
[EventDate "2016.07.09"]

1. d4 d5 2. Nf3 e6 3. e3 c5 4. c3 Nf6 5. Bd3 Nc6 6. Nbd2 Bd6 7. O-O O-O 8. dxc5
Bxc5 9. e4 Qc7 10. exd5 exd5 11. Nb3 Bb6 12. Nbd4 Re8 13. Bg5 Ne4 14. Qc1 Nxd4
15. Nxd4 Bxd4 16. cxd4 Qb6 17. Be3 Bf5 18. Bxe4 Bxe4 19. Qd2 Rac8 20. Rac1 Qg6
21. f3 Rxc1 22. Qxc1 Bf5 23. Qd2 Bh3 24. Bf4 Rc8 25. Qe2 h6 26. Rc1 Rxc1+ 27.
Bxc1 Qb1 28. Qd2 Bd7 29. b3 Bb5 30. Kf2 b6 31. a4 Bd3 32. Qc3 Qc2+ 33. Bd2 Qxc3
34. Bxc3 Bc2 35. a5 Bxb3 36. axb6 axb6 37. Ke3 f6 38. Bb4 Kf7 39. Bd6 g6 40. Bc7
b5 41. Bd6 1/2-1/2

[Event "Helmut-Kohls-Turnier 2016"]
[Site "Dortmund GER"]
[Date "2016.07.11"]
[Round "3.2"]
[White "Thogersen, Rasmus"]
[Black "Baltic, Fatih"]
[Result "1-0"]
[WhiteElo "2205"]
[BlackElo "2103"]
[WhiteFideId "1431412"]
[BlackFideId "12979090"]
[EventDate "2016.07.09"]

1. e4 c5 2. Nf3 d6 3. d4 cxd4 4. Nxd4 Nf6 5. Nc3 a6 6. Bg5 Nbd7 7. Qe2 h6 8. Bh4
g6 9. O-O-O e5 10. f4 Qc7 11. Kb1 b5 12. Nd5 Nxd5 13. exd5 Bb7 14. fxe5 dxe5 15.
Ne6 fxe6 16. dxe6 Nc5 17. Qf2 Ne4 18. Qf7+ Qxf7 19. exf7+ Kxf7 20. Rd7+ Ke6 21.
Rxb7 Bd6 22. Be2 h5 23. Rd1 Rhb8 24. Rg7 Rg8 25. Rxg8 Rxg8 26. Bf3 g5 27. Bxe4 1-0

[Event "Helmut-Kohls-Turnier 2016"]
[Site "Dortmund GER"]
[Date "2016.07.11"]
[Round "3.3"]
[White "Ramsdal, Jens Albert"]
[Black "Fluechter, Gregor"]
[Result "1/2-1/2"]
[WhiteElo "2204"]
[BlackElo "2182"]
[WhiteFideId "1429221"]
[BlackFideId "12903396"]
[EventDate "2016.07.09"]

1. e4 c5 2. Nf3 Nc6 3. d4 cxd4 4. Nxd4 e5 5. Nb5 a6 6. Nd6+ Bxd6 7. Qxd6 Qe7 8.
Qxe7+ Ngxe7 9. Bd2 d5 10. exd5 Nxd5 11. Nc3 Ndb4 12. O-O-O Bf5 13. Bc4 Bxc2 14.
Rde1 Bd3 15. Nd5 Nxd5 16. Bxd5 f6 17. f4 e4 18. Bxe4 Bxe4 19. Rxe4+ Kf7 20. Rhe1
Rhe8 21. Bc3 Rxe4 22. Rxe4 Rd8 23. Kc2 f5 24. Re3 Nd4+ 25. Kc1 g6 26. g3 Nc6 27.
Kc2 Nd4+ 28. Bxd4 Rxd4 29. Rd3 Rxd3 30. Kxd3 Ke6 31. Kc4 Kd6 32. Kd4 a5 33. a4
b6 34. Kc4 Kc6 35. h3 h5 36. h4 Kd6 37. Kb5 Kc7 38. b4 axb4 39. Kxb4 Kc6 40. Kc4
Kd6 41. Kb5 Kc7 42. Kc4 1/2-1/2

[Event "Helmut-Kohls-Turnier 2016"]
[Site "Dortmund GER"]
[Date "2016.07.11"]
[Round "3.4"]
[White "Van Meegen, Ruud"]
[Black "Borchert, Rene"]
[Result "0-1"]
[WhiteElo "2201"]
[BlackElo "2181"]
[WhiteFideId "1034995"]
[BlackFideId "12990671"]
[EventDate "2016.07.09"]

1. e4 e5 2. Nf3 Nc6 3. Bb5 a6 4. Ba4 Nf6 5. O-O b5 6. Bb3 Be7 7. Re1 O-O 8. a4
b4 9. d3 d6 10. Nbd2 Bg4 11. h3 Bh5 12. c3 Rb8 13. Bc4 Qc8 14. Nf1 Na5 15. Ba2
bxc3 16. bxc3 Bxf3 17. Qxf3 Nb3 18. Rb1 Nxc1 19. Rexc1 Qd7 20. Bb3 c6 21. Ne3 g6
22. d4 Kg7 23. Bc2 Nh5 24. Nf5+ Kh8 25. Nxe7 Qxe7 26. g3 Kg7 27. Qd3 a5 28. Qe2
Nf6 29. Kg2 Qc7 30. Qc4 Rfd8 31. Qe2 Nd7 32. Bb3 Nf6 33. Ba2 h5 34. Rf1 Qe7 35.
dxe5 Qxe5 36. Rfe1 Rxb1 37. Bxb1 Qxc3 38. Rd1 Qb4 39. e5 dxe5 40. Qxe5 Re8 41.
Qa1 Re2 42. Bd3 Rb2 43. Rb1 Rxb1 44. Bxb1 c5 45. Bc2 Qb7+ 46. Kg1 Qd5 47. Qc3 c4
48. h4 Qc5 49. Kf1 Qb4 50. Qe5 Qd2 51. Bxg6 Kxg6 0-1

[Event "Helmut-Kohls-Turnier 2016"]
[Site "Dortmund GER"]
[Date "2016.07.11"]
[Round "3.5"]
[White "Pajeken, Jakob Leon"]
[Black "Gerlagh, Joris"]
[Result "0-1"]
[WhiteElo "2051"]
[BlackElo "2172"]
[WhiteFideId "12942839"]
[BlackFideId "1038834"]
[EventDate "2016.07.09"]

1. e4 c5 2. Nf3 e6 3. d4 cxd4 4. Nxd4 Nc6 5. Nc3 Qc7 6. Be3 a6 7. Qf3 Nf6 8.
O-O-O Ne5 9. Qg3 b5 10. Nf3 d6 11. Nxe5 dxe5 12. f3 Bb7 13. Qf2 Rc8 14. g4 Bb4
15. Nb1 Bxe4 16. Bd3 Bb7 17. Qe2 O-O 18. h4 e4 19. fxe4 Nxe4 20. Rhg1 Nc5 21. c3
Qa5 22. a3 Nb3+ 23. Kc2 Qa4 24. Qf2 Rfd8 25. axb4 Nc5+ 26. Kd2 Nxd3 0-1

[Event "Helmut-Kohls-Turnier 2016"]
[Site "Dortmund GER"]
[Date "2016.07.12"]
[Round "4.1"]
[White "Baerwolf, Steven"]
[Black "Gerlagh, Joris"]
[Result "1-0"]
[WhiteElo "2134"]
[BlackElo "2172"]
[WhiteFideId "24658634"]
[BlackFideId "1038834"]
[EventDate "2016.07.09"]

1. d4 Nf6 2. c4 g6 3. Nc3 d5 4. cxd5 Nxd5 5. e4 Nxc3 6. bxc3 Bg7 7. Nf3 c5 8.
Rb1 O-O 9. Be2 b6 10. O-O Qc7 11. Be3 Bb7 12. Qd3 Ba6 13. Qd2 Bxe2 14. Qxe2 Nd7
15. Rfc1 Nf6 16. Nd2 cxd4 17. cxd4 Qd7 18. f3 Rfc8 19. Nc4 Ne8 20. Ne5 Qa4 21.
f4 Nd6 22. Qf3 Qxa2 23. f5 Rxc1+ 24. Rxc1 Rc8 25. Nc6 Re8 26. g4 Qb3 27. e5 Nc4
28. Nxe7+ Rxe7 29. Qa8+ Bf8 30. Bh6 1-0

[Event "Helmut-Kohls-Turnier 2016"]
[Site "Dortmund GER"]
[Date "2016.07.12"]
[Round "4.2"]
[White "Borchert, Rene"]
[Black "Pajeken, Jakob Leon"]
[Result "1-0"]
[WhiteElo "2181"]
[BlackElo "2051"]
[WhiteFideId "12990671"]
[BlackFideId "12942839"]
[EventDate "2016.07.09"]

1. e4 e5 2. Nf3 Nc6 3. Bc4 Bc5 4. c3 Nf6 5. d4 exd4 6. cxd4 Bb4+ 7. Nbd2 Nxe4 8.
d5 Ne7 9. O-O Nxd2 10. Nxd2 O-O 11. a3 Bxd2 12. Bxd2 d6 13. Re1 Ng6 14. Qh5 Qf6
15. Bc3 Qf5 16. Qd1 Qg5 17. Re3 Qh4 18. Be2 Bd7 19. g3 Qg5 20. Qd4 Qh6 21. Bd2
Ne5 22. Re4 Qf6 23. Rf4 Qe7 24. h4 f5 25. Re1 Kh8 26. Bc3 Qf7 27. h5 Qf6 28. Rh4
a6 29. f4 Ng4 30. Bxg4 fxg4 31. h6 Qxd4+ 32. Bxd4 Rfe8 33. hxg7+ Kg8 34. Rc1
Rac8 35. Rh2 Re4 36. Rd2 c5 37. dxc6 bxc6 38. Bc3 d5 39. Be5 Be6 40. Rc5 Kf7 41.
Kf2 Ke7 42. b4 Kd7 43. Rd1 Bf7 44. Rdc1 Rc4 45. R5xc4 dxc4 46. Ke3 Bd5 47. Rc2
h5 48. Rh2 Bf7 49. Ke4 c5 50. Rd2+ Ke8 51. Kf5 cxb4 52. axb4 Rc6 53. Bf6 Be6+
54. Kg6 Bf7+ 55. Kg5 Be6 56. Rd8+ 1-0

[Event "Helmut-Kohls-Turnier 2016"]
[Site "Dortmund GER"]
[Date "2016.07.12"]
[Round "4.3"]
[White "Fluechter, Gregor"]
[Black "Van Meegen, Ruud"]
[Result "1/2-1/2"]
[WhiteElo "2182"]
[BlackElo "2201"]
[WhiteFideId "12903396"]
[BlackFideId "1034995"]
[EventDate "2016.07.09"]

1. e4 e5 2. Nf3 Nc6 3. Bc4 Nf6 4. d4 exd4 5. O-O Nxe4 6. Re1 d5 7. Bxd5 Qxd5 8.
Nc3 Qa5 9. Nxe4 Be6 10. Neg5 O-O-O 11. Nxe6 fxe6 12. Rxe6 Bd6 13. Qe2 Qh5 14. h3
Rhe8 15. Bd2 Ne5 16. Rxe8 Rxe8 17. Nxd4 Qxe2 18. Nxe2 Nc4 19. Be3 Nxe3 20. fxe3
Bc5 21. Rd1 Rxe3 22. Kf1 Re6 23. Rd3 Ra6 24. a3 Be7 25. Nc3 Re6 26. Nd1 Bf6 27.
Kf2 c5 28. c3 Kc7 29. Ne3 Kc6 30. b3 b5 31. Kf3 Bg5 32. g3 Rxe3+ 33. Rxe3 Bxe3
34. Kxe3 Kd5 35. Kd3 c4+ 36. bxc4+ bxc4+ 37. Ke3 Ke5 38. Kf3 1/2-1/2

[Event "Helmut-Kohls-Turnier 2016"]
[Site "Dortmund GER"]
[Date "2016.07.12"]
[Round "4.4"]
[White "Baltic, Fatih"]
[Black "Ramsdal, Jens Albert"]
[Result "1-0"]
[WhiteElo "2103"]
[BlackElo "2204"]
[WhiteFideId "12979090"]
[BlackFideId "1429221"]
[EventDate "2016.07.09"]

1. e4 c5 2. Nf3 e6 3. d4 cxd4 4. Nxd4 Nc6 5. Nc3 Qc7 6. Be3 a6 7. Qf3 b5 8. Nxc6
Qxc6 9. Bd3 Bb7 10. Qg3 h5 11. h4 Nf6 12. f3 Bc5 13. Bxc5 Qxc5 14. Qxg7 Ke7 15.
Qg5 e5 16. Nd5+ Bxd5 17. Qxe5+ Kf8 18. Qxf6 Qe3+ 19. Be2 Rg8 20. Qd6+ Ke8 21.
Qxd5 Rxg2 22. Qd3 Qf4 23. Rd1 d5 24. Rd2 Kf8 25. Kd1 Rd8 26. Qd4 Re8 27. Qc5+
Kg8 28. Rg1 Qh2 29. Bf1 1-0

[Event "Helmut-Kohls-Turnier 2016"]
[Site "Dortmund GER"]
[Date "2016.07.12"]
[Round "4.5"]
[White "Koellner, Ruben Gideon"]
[Black "Thogersen, Rasmus"]
[Result "1/2-1/2"]
[WhiteElo "2103"]
[BlackElo "2205"]
[WhiteFideId "12993093"]
[BlackFideId "1431412"]
[EventDate "2016.07.09"]

1. d4 Nf6 2. Nc3 d5 3. Bf4 e6 4. Nb5 Na6 5. e3 Be7 6. h3 O-O 7. Nf3 c6 8. Nc3
Qb6 9. a3 c5 10. Be2 cxd4 11. exd4 Bd7 12. Rb1 Rfc8 13. O-O Nc7 14. Bd3 Nce8 15.
Ne5 Qc7 16. Qd2 Nd6 17. Rfe1 Be8 18. g4 b5 19. Qe2 Qb6 20. g5 Nd7 21. Nxd7 Bxd7
22. Nxd5 Qd8 23. Nxe7+ Qxe7 24. Qh5 g6 25. Qh6 Bc6 26. Be5 Ne8 27. Be4 Qb7 28.
f3 Bd5 29. Bxd5 Qxd5 30. Re4 Rxc2 31. Qxh7+ Kf8 32. Rf4 Ke7 33. Rxf7+ Kd8 34.
Rb7 Qc6 35. Qf7 Rc1+ 36. Rxc1 Qxc1+ 37. Kf2 Qd2+ 1/2-1/2

[Event "Helmut-Kohls-Turnier 2016"]
[Site "Dortmund GER"]
[Date "2016.07.13"]
[Round "5.1"]
[White "Thogersen, Rasmus"]
[Black "Baerwolf, Steven"]
[Result "0-1"]
[WhiteElo "2205"]
[BlackElo "2134"]
[WhiteFideId "1431412"]
[BlackFideId "24658634"]
[EventDate "2016.07.09"]

1. d4 d5 2. c4 e6 3. Nc3 c5 4. cxd5 exd5 5. Nf3 Nc6 6. g3 Nf6 7. Bg2 Be7 8. O-O
O-O 9. dxc5 Bxc5 10. a3 a5 11. Bg5 d4 12. Nb5 Bg4 13. Rc1 Bb6 14. h3 Be6 15. Qa4
h6 16. Bf4 Qd7 17. Ne5 Nxe5 18. Bxe5 Nd5 19. Rfd1 Bxh3 20. Kh1 Rfc8 21. Rxc8+
Rxc8 22. Qb3 Be6 23. Nd6 Ne3 24. Qxb6 Nxd1 25. Nxc8 Qxc8 26. Qxd4 Qc1 27. Kh2
Qg5 28. Kg1 Qc1 29. Kh2 Qg5 30. Bf4 Qh5+ 31. Kg1 Qxe2 32. Be4 f5 33. Bd3 Qxb2
34. Qd8+ Kh7 35. Bxf5+ Bxf5 36. Qxd1 Qxa3 37. Qd5 Qd3 38. Qxa5 Qd1+ 39. Kh2 Be4
40. f3 Qxf3 41. Kh3 Qh1+ 42. Kg4 Bf3+ 0-1

[Event "Helmut-Kohls-Turnier 2016"]
[Site "Dortmund GER"]
[Date "2016.07.13"]
[Round "5.2"]
[White "Ramsdal, Jens Albert"]
[Black "Koellner, Ruben Gideon"]
[Result "1-0"]
[WhiteElo "2204"]
[BlackElo "2103"]
[WhiteFideId "1429221"]
[BlackFideId "12993093"]
[EventDate "2016.07.09"]

1. e4 d6 2. d4 Nf6 3. Nf3 e5 4. Nc3 exd4 5. Nxd4 Be7 6. Bf4 O-O 7. Qd2 Nc6 8.
Nf3 a6 9. a4 Bg4 10. Be2 Bxf3 11. gxf3 Ne5 12. Rg1 Ng6 13. Be3 Qd7 14. f4 Qh3
15. f5 Nh4 16. O-O-O b5 17. Bh6 g6 18. Bxf8 Bxf8 19. Qg5 Nf3 20. Qxf6 Nxg1 21.
Rxg1 Qxh2 22. Rf1 Qf4+ 23. Kb1 b4 24. Nd5 Qxe4 25. fxg6 hxg6 26. Bf3 Qc4 27. Rh1
Bg7 28. Ne7+ Kf8 29. Nxg6+ 1-0

[Event "Helmut-Kohls-Turnier 2016"]
[Site "Dortmund GER"]
[Date "2016.07.13"]
[Round "5.3"]
[White "Van Meegen, Ruud"]
[Black "Baltic, Fatih"]
[Result "1-0"]
[WhiteElo "2201"]
[BlackElo "2103"]
[WhiteFideId "1034995"]
[BlackFideId "12979090"]
[EventDate "2016.07.09"]

1. d4 Nf6 2. c4 e6 3. Nf3 Bb4+ 4. Nbd2 O-O 5. a3 Be7 6. e4 d5 7. e5 Nfd7 8. Bd3
c5 9. O-O cxd4 10. cxd5 exd5 11. Re1 Nc5 12. Bb1 a5 13. Nxd4 Nc6 14. N2f3 Re8
15. Be3 Nxd4 16. Nxd4 Ne6 17. f4 Bc5 18. Nxe6 Bxe3+ 19. Rxe3 Rxe6 20. Kh1 Rh6
21. f5 Qg5 22. Rf3 Bd7 23. Bd3 Bc6 24. Qc1 Qh4 25. Rh3 Qd4 26. Rxh6 gxh6 27. Qc3
Qxc3 28. bxc3 d4 29. c4 Re8 30. Re1 Kf8 31. Kg1 f6 32. e6 Ke7 33. Rf1 Rg8 34. g3
Rg4 35. Rf4 Rxf4 36. gxf4 Kd6 37. Kf2 Kc5 38. Kg3 b6 39. Kh4 Be8 40. Kg3 Bc6 41.
Kf2 Kd6 42. Ke2 Kc5 43. Kd2 Kd6 44. Kc2 Ba4+ 45. Kc1 Kc5 46. Kd2 Bc6 47. Be2 Be8
48. Kd3 b5 49. cxb5 Bxb5+ 50. Kd2 Be8 51. Ba6 Kb6 52. Bc4 Kc5 53. Kd3 a4 54. Ba6
Kb6 55. Bc8 Kc7 56. Bd7 Bxd7 57. exd7 Kxd7 58. Kxd4 Kd6 59. Kc4 Kc6 60. Kb4 Kd5
61. Kxa4 Ke4 62. Kb4 h5 63. a4 h4 64. a5 Kf3 65. a6 Kg2 66. a7 Kxh2 67. a8=Q Kg1
68. Qg8+ Kh1 69. Qd5+ Kg1 70. Qd4+ Kg2 71. Qxf6 h3 72. Qg7+ Kf2 73. Qxh7 1-0